000 00488 a2200205 4500
005 20260116152029.0
008 260115b |||||||| |||| 00| 0 eng d
020 _a9789350246696
_cRs. 698.00
040 _aMAIN
082 _a574.87
_bP872C(3)
100 _aPowar, C B
245 _aCell biology
250 _a3rd
260 _bHimalaya Publishing House
_c2025
_aMumbai
300 _axv, 782
650 _aBiology
650 _aCell Biology
650 _aCytology
942 _cBK
999 _c395128
_d395128